Statistics for United Kingdom, United States, or United Arab Emirates?

Click here to take the quiz!

General Stats

  • This quiz has been taken 945 times
    (62 since last reset)
  • The average score is 12 of 16

Answer Stats

QuestionAnswer% Correct
Has the world's tallest buildingUnited Arab Emirates
98%
Its most common abbreviation does NOT have 3 lettersUnited Kingdom
98%
Has colonised the other twoUnited Kingdom
95%
Has the larger land areaUnited States
95%
Is NOT a monarchyUnited States
95%
Its capital is its largest cityUnited Kingdom
89%
Has historically had the larger land areaUnited Kingdom
82%
Loves cricket the mostUnited Kingdom
80%
Has the largest proven oil reservesUnited Arab Emirates
66%
Is closest to RussiaUnited States
66%
Has the most immigrants per capitaUnited Arab Emirates
59%
Has the lower population densityUnited States
57%
Is more urbanisedUnited Arab Emirates
55%
Has the most desert by total areaUnited States
55%
Has the busiest airportUnited States
54%
Has the higher GDP per capitaUnited States
27%

Score Distribution

Percentile by Number Answered

Percent of People with Each Score

Your Score History

You have not taken this quiz since the last reset